Faculty of Law Library — Cairo University

Official Online Catalog

لوائح الضرورة وضمانة الرقابة القضائية : (Record no. 54743)

MARC details
000 -LEADER
fixed length control field 01417nam a2200325 i 4500
003 - CONTROL NUMBER IDENTIFIER
control field EG-GICUC
005 - DATE AND TIME OF LATEST TRANSACTION
control field 20260121101651.0
008 - FIXED-LENGTH DATA ELEMENTS--GENERAL INFORMATION
fixed length control field 260105s1982 ua ||||f |||| 00| 0 ara d
017 ## - COPYRIGHT OR LEGAL DEPOSIT NUMBER
Copyright or legal deposit number 1982/2128
020 ## - INTERNATIONAL STANDARD BOOK NUMBER
International Standard Book Number 9777355114
040 ## - CATALOGING SOURCE
Original cataloging agency EG-GICUC
Language of cataloging ara
Transcribing agency EG-GICUC
Modifying agency EG-GICUC
Description conventions rda
041 ## - LANGUAGE CODE
Language code of text/sound track or separate title ara
082 04 - DEWEY DECIMAL CLASSIFICATION NUMBER
Edition number 21
Classification number 345.6411044
Item number س ا . ل
092 04 - LOCALLY ASSIGNED DEWEY CALL NUMBER (OCLC)
Edition number 21
099 ## - LOCAL FREE-TEXT CALL NUMBER (OCLC)
Classification number Law1 07 345.6411044 س ا . ل 1982
100 0# - MAIN ENTRY--PERSONAL NAME
Personal name سامي جمال الدين
Relator term مؤلف.
245 10 - TITLE STATEMENT
Title لوائح الضرورة وضمانة الرقابة القضائية :
Remainder of title دراسة تحليلية للقرارات بقوانين والأوامر العسكرية ومدى سلطة القضاء في الرقابة عليها بالمقارنة مع النظم المماثلة في فرنسا /
Statement of responsibility, etc. دكتور سامي جمال الدين .
264 #1 - PRODUCTION, PUBLICATION, DISTRIBUTION, MANUFACTURE, AND COPYRIGHT NOTICE
Place of production, publication, distribution, manufacture الاسكندرية :
Name of producer, publisher, distributor, manufacturer منشأة المعارف ،
Date of production, publication, distribution, manufacture, or copyright notice 1982 .
300 ## - PHYSICAL DESCRIPTION
Extent 421 ؛ صفحة
Dimensions 24 سم
336 ## - CONTENT TYPE
Source rda content
Content type term text
337 ## - MEDIA TYPE
Source rda media
Media type term Computer
338 ## - CARRIER TYPE
Source rda carrier
Carrier type term Online Resource
504 ## - BIBLIOGRAPHY, ETC. NOTE
Bibliography, etc. note . 421-415 ببليوجرافيا: صفحات.
504 ## - BIBLIOGRAPHY, ETC. NOTE
Bibliography, etc. note يشتمل على إرجاعات ببليوجرافية
650 14 - SUBJECT ADDED ENTRY--TOPICAL TERM
Topical term or geographic name entry element لوائح الضرورة
General subdivision القانون الإداري
Geographic subdivision فرنسا
Source of heading or term qrmak
651 1# - SUBJECT ADDED ENTRY--GEOGRAPHIC NAME
Source of heading or term qrmak
856 40 - ELECTRONIC LOCATION AND ACCESS
Uniform Resource Identifier <a href="https://fll.law.cu.edu.eg/fulltext/bks/B07-02505.pdf">https://fll.law.cu.edu.eg/fulltext/bks/B07-02505.pdf</a>
905 ## - Cataloger and Reviser Names
Cataloger Name: Yasmin Essam
942 ## - ADDED ENTRY ELEMENTS (KOHA)
Source of classification or shelving scheme Dewey Decimal Classification
Koha item type Books
Edition 21
Suppress in OPAC No
Holdings
Withdrawn status Lost status Source of classification or shelving scheme Damaged status Not for loan Collection Home library Current library Date acquired Total checkouts Full call number Barcode Date last seen Copy number Price effective from Koha item type
    Dewey Decimal Classification   Not for loan القانون الإداري جــــامعة القــاهرة مكتبة كلية الحقوق - المبنى الرئيسي 05.01.2026   Law1 07 345.6411044 س ا . ل 1982 0702505 C1 B07-02505 05.01.2026 1 05.01.2026 Books
    Dewey Decimal Classification     القانون الإداري جــــامعة القــاهرة مكتبة كلية الحقوق - المبنى الرئيسي 12.01.2026   Law1 07 345.6411044 س ا . ل 1982 0702325 C2 B07-02325 12.01.2026 2 12.01.2026 Books
    Dewey Decimal Classification     القانون الإداري جــــامعة القــاهرة مكتبة كلية الحقوق - فـرع الشيخ زايد 12.01.2026   Law2 07 345.6411044 س ا . ل 1982 0702326 C3 B07-02326 12.01.2026 3 12.01.2026 Books

© All rights reserved — Faculty of Law, Cairo University